[Event "2. BUNDESLIGA MITTE 2014/2015"]
[Site "Aschach"]
[Date "2014.10.03"]
[Round "1"]
[Board "1"]
[White "Felsberger, Alfred"]
[Black "Kociscak, Jiri"]
[Result "1-0"]
[WhiteElo "2342"]
[BlackElo "2470"]
[PlyCount "23"]
[EventDate "2014.10.03"]
[EventType "team"]
[EventRounds "11"]
[EventCountry "AUT"]
[WhiteTeam "Union Ansfelden"]
[BlackTeam "SV Steyregg"]

1. e4 e5 2. Nf3 Nc6 3. Bc4 Nf6 4. d3 Be7 5. O-O O-O 6. Re1 d6 7. a4 h6 8. c3
Nh7 9. Nbd2 Kh8 10. d4 Ng5 11. d5 Nb8 12. a5 {Rest unleserlich. Weiß gewinnt
im 31.Zug.} 1-0

[Event "2. BUNDESLIGA MITTE 2014/2015"]
[Site "Aschach"]
[Date "2014.10.03"]
[Round "1"]
[Board "2"]
[White "Velicka, Petr"]
[Black "Ennsberger, Ulrich"]
[Result "1-0"]
[WhiteElo "2412"]
[BlackElo "2343"]
[PlyCount "119"]
[EventDate "2014.10.03"]
[EventType "team"]
[EventRounds "11"]
[EventCountry "AUT"]
[WhiteTeam "SV Steyregg"]
[BlackTeam "Union Ansfelden"]

1. Nf3 c5 2. e4 e6 3. d4 cxd4 4. Nxd4 a6 5. Bd3 Bc5 6. Nb3 Be7 7. Qg4 g6 8. Qe2
d6 9. O-O Nd7 10. a4 Qc7 11. Na3 Ngf6 12. Bh6 Ne5 13. h3 Bd7 14. Nc4 Nxc4 15.
Bxc4 Rc8 16. Bd3 e5 17. a5 Be6 18. Nd2 Nh5 19. Rfe1 Nf4 20. Bxf4 exf4 21. Nf3
Bf6 22. c3 O-O 23. Bb1 Rfe8 24. Ba2 Bxa2 25. Rxa2 d5 26. Ra4 dxe4 27. Rxe4 Rxe4
28. Qxe4 Rd8 29. Ra1 Kg7 30. Re1 Rd7 31. Ra1 Re7 32. Qc2 Re6 33. Ra4 Rd6 34.
Ra1 Rd5 35. Qe4 Rd7 36. Kh2 h6 37. Ra4 g5 38. Ra1 Qc5 39. Kg1 h5 40. Qe2 Re7
41. Qd3 g4 42. Nd4 Bxd4 43. cxd4 Qd5 44. b4 Re4 45. hxg4 hxg4 46. Rd1 f3 47.
Qc3 Kg6 48. Qc8 Qb3 49. Qg8+ Kf6 50. Qd8+ Kf5 51. Rc1 Kg6 52. Rc5 Qd1+ 53. Kh2
Qd2 54. Qg8+ Kf6 55. Qh8+ Kg6 56. Qh5+ Kg7 57. Rg5+ Kf8 58. Qh6+ Ke7 59. Re5+
Rxe5 60. Qxd2 1-0

[Event "2. BUNDESLIGA MITTE 2014/2015"]
[Site "Aschach"]
[Date "2014.10.03"]
[Round "1"]
[Board "3"]
[White "Moser, Guenter"]
[Black "Enoeckl, Philipp"]
[Result "1/2-1/2"]
[WhiteElo "2352"]
[BlackElo "2349"]
[PlyCount "50"]
[EventDate "2014.10.03"]
[EventType "team"]
[EventRounds "11"]
[EventCountry "AUT"]
[WhiteTeam "Union Ansfelden"]
[BlackTeam "SV Steyregg"]

1. d4 Nf6 2. c4 g6 3. Nc3 Bg7 4. e4 d6 5. f3 O-O 6. Be3 c5 7. dxc5 dxc5 8. Qxd8
Rxd8 9. Bxc5 Nc6 10. Nd5 Nd7 11. Bxe7 Nxe7 12. Nxe7+ Kf8 13. Nd5 Bxb2 14. Rb1
Bg7 15. Nh3 b6 16. Be2 Nc5 17. Nf2 Ba6 18. O-O Rac8 19. Rfc1 f5 20. Kf1 Bh6 21.
Rc2 Ne6 22. Rd1 Bg7 23. Bd3 Nc5 24. Be2 Ne6 25. Bd3 Nc5 1/2-1/2

[Event "2. BUNDESLIGA MITTE 2014/2015"]
[Site "Aschach"]
[Date "2014.10.03"]
[Round "1"]
[Board "4"]
[White "Kirschner, Alexander"]
[Black "Weiss, Christian"]
[Result "0-1"]
[WhiteElo "2224"]
[BlackElo "2382"]
[PlyCount "35"]
[EventDate "2014.10.03"]
[EventType "team"]
[EventRounds "11"]
[EventCountry "AUT"]
[WhiteTeam "SV Steyregg"]
[BlackTeam "Union Ansfelden"]

1. c4 e5 2. g3 Nc6 3. Nc3 Bb4 4. Nd5 Bc5 5. Bg2 Nf6 6. Nf3 d6 7. O-O h6 8. d3
O-O 9. e3 a5 10. b3 Nxd5 11. cxd5 Nb4 12. d4 exd4 13. Nxd4 Bxd4 14. exd4 b6 15.
a3 Na6 16. Be3 Nb8 17. Qc2 Nd7 18. Rfc1 {Rest unleserlich. 0-1 im 35. Zug.} 0-1

[Event "2. BUNDESLIGA MITTE 2014/2015"]
[Site "Aschach"]
[Date "2014.10.03"]
[Round "1"]
[Board "5"]
[White "Knoll, Hermann"]
[Black "Wiesinger, Robert"]
[Result "0-1"]
[WhiteElo "2314"]
[BlackElo "2191"]
[PlyCount "63"]
[EventDate "2014.10.03"]
[EventType "team"]
[EventRounds "11"]
[EventCountry "AUT"]
[WhiteTeam "Union Ansfelden"]
[BlackTeam "SV Steyregg"]

1. d4 Nf6 2. c4 e6 3. Nf3 Bb4+ 4. Nbd2 d5 5. Qa4+ Nc6 6. e3 O-O 7. Bd3 Ne4 8.
O-O Nxd2 9. Nxd2 Be7 10. Nf3 Bd7 11. Qd1 Nb4 12. Be2 dxc4 13. Bxc4 c5 14. a3
Na6 15. Ne5 cxd4 16. exd4 Bf6 17. Qe2 Nc7 18. Bf4 Nd5 19. Bg3 Rc8 20. Bd3 g6
21. h4 h5 22. Qe4 Bg7 23. Rad1 Bc6 24. Qe2 Ne7 25. Nxc6 Rxc6 26. Be4 Nd5 27.
Qf3 Bf6 28. Rd2 Bxh4 29. Bxd5 Bxg3 30. Qxg3 Qxd5 31. Rfd1 Rd8 32. Qe5 {Rest
unleserlich. 0-1 im 57.Zug.} 0-1

[Event "2. BUNDESLIGA MITTE 2014/2015"]
[Site "Aschach"]
[Date "2014.10.03"]
[Round "1"]
[Board "6"]
[White "Pierecker, Markus"]
[Black "Mostbauer, Florian"]
[Result "1-0"]
[WhiteElo "2152"]
[BlackElo "2189"]
[PlyCount "121"]
[EventDate "2014.10.03"]
[EventType "team"]
[EventRounds "11"]
[EventCountry "AUT"]
[WhiteTeam "SV Steyregg"]
[BlackTeam "Union Ansfelden"]

1. e4 c6 2. d4 d5 3. Nd2 dxe4 4. Nxe4 Nd7 5. Ng5 Ngf6 6. Bd3 e6 7. N1f3 Bd6 8.
Qe2 h6 9. Ne4 Nxe4 10. Qxe4 Nf6 11. Qe2 O-O 12. Bd2 Qc7 13. O-O-O c5 14. Kb1
Nd5 15. g4 cxd4 16. g5 Nf4 17. Bxf4 Bxf4 18. Qe4 g6 19. gxh6 Bxh6 20. Rhg1 Qf4
21. Rxg6+ fxg6 22. Qxg6+ Bg7 23. Qh7+ Kf7 24. Rg1 Rg8 25. Ng5+ Kf8 26. Rg3 Be5
27. Rf3 Rxg5 28. Rxf4+ Bxf4 29. a3 Be5 30. Qh6+ Rg7 31. f4 Bxf4 32. Qxf4+ Kg8
33. h4 Bd7 34. h5 Re8 35. Qe5 Kf7 36. Bg6+ Rxg6 37. hxg6+ Kxg6 38. Qxd4 Bc6 39.
Qxa7 e5 40. b4 e4 41. Qe3 Re5 42. c4 Kf5 43. b5 Bxb5 44. cxb5 Rxb5+ 45. Kc2 Ke6
46. Qxe4+ Kd6 47. Kc3 Kc7 48. Qe7+ Kc6 49. a4 Rc5+ 50. Kb4 b6 51. Qa7 Re5 52.
Qb8 Re4+ 53. Kc3 Re7 54. Kd4 Rd7+ 55. Kc4 Rc7 56. Qa8+ Rb7 57. Kb4 Kc7 58. Kb5
Rb8 59. Qc6+ Kd8 60. Qd6+ Kc8 61. Kc6 1-0

[Event "2. BUNDESLIGA MITTE 2014/2015"]
[Site "Aschach"]
[Date "2014.10.03"]
[Round "1"]
[Board "1"]
[White "Pilaj, Herwig"]
[Black "Schmidt, Peter"]
[Result "0-1"]
[WhiteElo "2388"]
[BlackElo "2388"]
[PlyCount "60"]
[EventDate "2014.10.03"]
[EventType "team"]
[EventRounds "11"]
[EventCountry "AUT"]
[WhiteTeam "SC Die Klagenfurter"]
[BlackTeam "Spg. Sauwald"]

1. c4 Nf6 2. Nc3 g6 3. g3 Bg7 4. Bg2 O-O 5. d3 d6 6. Nf3 e5 7. O-O Re8 8. Bg5
h6 9. Bxf6 Qxf6 10. Rc1 c6 11. b4 a6 12. a4 Be6 13. Nd2 Qd8 14. Nb3 Nd7 15. Qd2
Nf6 16. b5 Rc8 17. bxc6 bxc6 18. Na2 Bf8 19. Na5 d5 20. cxd5 cxd5 21. Nc6 Qd6
22. d4 Ne4 23. Bxe4 dxe4 24. Nxe5 Bg7 25. Qb4 Bxe5 26. dxe5 Qxe5 27. Qd2 e3 28.
fxe3 Rcd8 29. Qc2 Qxe3+ 30. Rf2 Bxa2 0-1

[Event "2. BUNDESLIGA MITTE 2014/2015"]
[Site "Aschach"]
[Date "2014.10.03"]
[Round "1"]
[Board "2"]
[White "Renner, Christoph"]
[Black "Petschar, Kurt"]
[Result "1-0"]
[WhiteElo "2351"]
[BlackElo "2271"]
[PlyCount "93"]
[EventDate "2014.10.03"]
[EventType "team"]
[EventRounds "11"]
[EventCountry "AUT"]
[WhiteTeam "Spg. Sauwald"]
[BlackTeam "SC Die Klagenfurter"]

1. d4 d5 2. Bf4 Nf6 3. e3 c5 4. c3 Nc6 5. Nd2 Bf5 6. Qb3 Bc8 7. Ngf3 e6 8. Ne5
Nxe5 9. dxe5 Nh5 10. Bb5+ Bd7 11. Bg5 f6 12. Bh4 g5 13. Be2 Ng7 14. Bg3 f5 15.
h4 g4 16. h5 h6 17. c4 Bc6 18. O-O-O Qb6 19. Qc2 O-O-O 20. Bh4 Rd7 21. Bf6 Rg8
22. f3 Ne8 23. Bh4 Nc7 24. fxg4 fxg4 25. Rhf1 Bg7 26. Qg6 Rh8 27. Bf6 Rg8 28.
Bxg4 Bxf6 29. Qxg8+ Rd8 30. Bxe6+ Kb8 31. exf6 Rxg8 32. Bxg8 d4 33. f7 Ne6 34.
f8=Q+ Nxf8 35. Rxf8+ Kc7 36. exd4 cxd4 37. Nb3 Qb4 38. Rf7+ Kb8 39. Rf2 a5 40.
Nxd4 Be4 41. Nb5 Qe7 42. Rfd2 Qg5 43. Bd5 Bh7 44. Bf3 a4 45. Re1 Qg8 46. Bd5
Qf8 47. Bf7 1-0

[Event "2. BUNDESLIGA MITTE 2014/2015"]
[Site "Aschach"]
[Date "2014.10.03"]
[Round "1"]
[Board "3"]
[White "Wertjanz, David"]
[Black "Hiermann, Dietmar"]
[Result "0-1"]
[WhiteElo "2242"]
[BlackElo "2290"]
[PlyCount "58"]
[EventDate "2014.10.03"]
[EventType "team"]
[EventRounds "11"]
[EventCountry "AUT"]
[WhiteTeam "SC Die Klagenfurter"]
[BlackTeam "Spg. Sauwald"]

1. e4 e5 2. Nf3 Nc6 3. Bb5 a6 4. Ba4 Nf6 5. d4 exd4 6. O-O Be7 7. Re1 O-O 8. e5
Ne8 9. c3 dxc3 10. Nxc3 d6 11. exd6 cxd6 12. Nd5 Be6 13. Nxe7+ Qxe7 14. Ng5 Qd7
15. Nxe6 fxe6 16. Rxe6 Kh8 17. Bb3 Na5 18. Bg5 Nxb3 19. Qxb3 Rf5 20. Rae1 Qc6
21. Bh4 Nc7 22. Re7 Re5 23. R1xe5 dxe5 24. h3 Rg8 25. Qf7 Nd5 26. Rxe5 Nf6 27.
Re6 Qc1+ 28. Kh2 Qf4+ 29. Bg3 Ng4+ 0-1

[Event "2. BUNDESLIGA MITTE 2014/2015"]
[Site "Aschach"]
[Date "2014.10.03"]
[Round "1"]
[Board "4"]
[White "Testor, Sebastian"]
[Black "Genser, Harald"]
[Result "1/2-1/2"]
[WhiteElo "2286"]
[BlackElo "2277"]
[PlyCount "60"]
[EventDate "2014.10.03"]
[EventType "team"]
[EventRounds "11"]
[EventCountry "AUT"]
[WhiteTeam "Spg. Sauwald"]
[BlackTeam "SC Die Klagenfurter"]

1. Nf3 d5 2. c4 e6 3. g3 dxc4 4. Qa4+ Nd7 5. Bg2 a6 6. Qxc4 b5 7. Qc2 Bb7 8.
O-O Ngf6 9. a4 c5 10. Rd1 Be7 11. d4 Qb6 12. axb5 axb5 13. Rxa8+ Bxa8 14. Bg5
Be4 15. Qd2 O-O 16. Nc3 Bxf3 17. dxc5 Nxc5 18. exf3 b4 19. Ne4 Rd8 20. Qe2
Rxd1+ 21. Qxd1 Ncxe4 22. fxe4 h6 23. Bxf6 Bxf6 24. b3 Qd4 25. Qxd4 Bxd4 26. Kf1
Kf8 27. Ke2 Ke7 28. f4 Bc5 29. Kf3 Bd4 30. Bf1 Bc5 1/2-1/2

[Event "2. BUNDESLIGA MITTE 2014/2015"]
[Site "Aschach"]
[Date "2014.10.03"]
[Round "1"]
[Board "5"]
[White "Titz, Heimo"]
[Black "Hellmayr, Alois"]
[Result "0-1"]
[WhiteElo "2120"]
[BlackElo "2237"]
[PlyCount "72"]
[EventDate "2014.10.03"]
[EventType "team"]
[EventRounds "11"]
[EventCountry "AUT"]
[WhiteTeam "SC Die Klagenfurter"]
[BlackTeam "Spg. Sauwald"]

1. c4 e5 2. Nc3 Bb4 3. g3 Bxc3 4. dxc3 d6 5. Bg2 Ne7 6. Nf3 Nbc6 7. O-O O-O 8.
e4 f5 9. exf5 Bxf5 10. h3 Qd7 11. Kh2 Ng6 12. Ng5 Nge7 13. Qe2 h6 14. Ne4 Rf7
15. Be3 Raf8 16. Rad1 Qe6 17. f3 b6 18. Nf2 Kh8 19. h4 a5 20. a4 Ng8 21. Bh3
Bxh3 22. Nxh3 Nce7 23. g4 Qd7 24. b3 Qc6 25. Kg3 d5 26. cxd5 Nxd5 27. c4 Ndf6
28. g5 Nh5+ 29. Kg2 Ne7 30. Ng1 Ng6 31. Qe1 e4 32. gxh6 exf3+ 33. Kf2 Ne5 34.
Rd4 Rf4 35. hxg7+ Kxg7 36. Rxf4 Nd3# 0-1

[Event "2. BUNDESLIGA MITTE 2014/2015"]
[Site "Aschach"]
[Date "2014.10.03"]
[Round "1"]
[Board "6"]
[White "Taggatz, Mario"]
[Black "Singer, Hans"]
[Result "1-0"]
[WhiteElo "2193"]
[BlackElo "2163"]
[PlyCount "69"]
[EventDate "2014.10.03"]
[EventType "team"]
[EventRounds "11"]
[EventCountry "AUT"]
[WhiteTeam "Spg. Sauwald"]
[BlackTeam "SC Die Klagenfurter"]

1. d4 d5 2. Bf4 e6 3. e3 c5 4. c3 Nc6 5. Nf3 Bd6 6. Bxd6 Qxd6 7. Nbd2 Nf6 8.
Bb5 O-O 9. O-O Bd7 10. a4 a6 11. Be2 e5 12. Nc4 dxc4 13. dxe5 Qxd1 14. Rfxd1
Be6 15. exf6 gxf6 16. Nd2 Na5 17. Ne4 Nb3 18. Nxf6+ Kg7 19. Nh5+ Kh6 20. Ra3
Rad8 21. Nf4 Rxd1+ 22. Bxd1 Rd8 23. Bf3 Rd2 24. Nxe6 fxe6 25. h4 b6 26. Bg4 e5
27. Be6 Rd1+ 28. Kh2 Nd2 29. g4 a5 30. Kg2 Rb1 31. Ra2 Rc1 32. b4 cxb4 33. Rxd2
bxc3 34. Rd7 Rg1+ 35. Kxg1 1-0

[Event "2. BUNDESLIGA MITTE 2014/2015"]
[Site "Aschach"]
[Date "2014.10.03"]
[Round "1"]
[Board "1"]
[White "Burlacu, Bogdan"]
[Black "Flumbort, Andras"]
[Result "1/2-1/2"]
[WhiteElo "2309"]
[BlackElo "2462"]
[PlyCount "47"]
[EventDate "2014.10.03"]
[EventType "team"]
[EventRounds "11"]
[EventCountry "AUT"]
[WhiteTeam "Union Hartkirchen - Sektion Schach"]
[BlackTeam "ASK St. Valentin"]

1. e4 c5 2. Nf3 Nc6 3. Bb5 g6 4. O-O Bg7 5. Re1 Nf6 6. c3 O-O 7. d3 d6 8. Nbd2
Bd7 9. Nf1 Ne5 10. Bxd7 Nxf3+ 11. Qxf3 Nxd7 12. a4 Ne5 13. Qe2 Nc6 14. Be3 e5
15. f4 exf4 16. Bxf4 Qd7 17. Ne3 Rae8 18. Qg4 Qxg4 19. Nxg4 Re6 20. Ne3 Be5 21.
Bh6 Bg7 22. Bf4 Be5 23. Bh6 Bg7 24. Bf4 1/2-1/2

[Event "2. BUNDESLIGA MITTE 2014/2015"]
[Site "Aschach"]
[Date "2014.10.03"]
[Round "1"]
[Board "2"]
[White "Sandhoefner, Florian"]
[Black "Konrad, Edmund"]
[Result "1/2-1/2"]
[WhiteElo "2336"]
[BlackElo "2187"]
[PlyCount "64"]
[EventDate "2014.10.03"]
[EventType "team"]
[EventRounds "11"]
[EventCountry "AUT"]
[WhiteTeam "ASK St. Valentin"]
[BlackTeam "Union Hartkirchen - Sektion Schach"]

1. e4 e6 2. d4 d5 3. Nd2 dxe4 4. Nxe4 Nd7 5. Nf3 Ngf6 6. Nxf6+ Nxf6 7. Bd3 c5
8. dxc5 Bxc5 9. Qe2 Qc7 10. O-O a6 11. Ne5 Nd7 12. Bf4 Bd6 13. Rfe1 Nxe5 14.
Bxe5 Bxe5 15. Qxe5 Qxe5 16. Rxe5 Bd7 17. Be4 O-O-O 18. f4 Kc7 19. Rc5+ Bc6 20.
Bxc6 bxc6 21. Kf2 Rd5 22. Rc3 Rd2+ 23. Kf3 Rb8 24. b3 Rb5 25. Re1 Kd6 26. Re4
Rc5 27. Rxc5 Kxc5 28. Rc4+ Kb6 29. h4 h5 30. g3 g6 31. Ke3 Rg2 32. Kf3 Rd2
 1/2-1/2

[Event "2. BUNDESLIGA MITTE 2014/2015"]
[Site "Aschach"]
[Date "2014.10.03"]
[Round "1"]
[Board "3"]
[White "Windhager, Hannes"]
[Black "Kranzl, Peter"]
[Result "1/2-1/2"]
[WhiteElo "2187"]
[BlackElo "2215"]
[PlyCount "60"]
[EventDate "2014.10.03"]
[EventType "team"]
[EventRounds "11"]
[EventCountry "AUT"]
[WhiteTeam "Union Hartkirchen - Sektion Schach"]
[BlackTeam "ASK St. Valentin"]

1. e4 c6 2. d4 d5 3. Nc3 dxe4 4. Nxe4 Nd7 5. Ng5 Ndf6 6. Bd3 Nh6 7. N1f3 g6 8.
Bd2 Bg7 9. Qe2 O-O 10. O-O Nf5 11. c3 h6 12. Ne4 Nxe4 13. Qxe4 Nd6 14. Qe2 Bf5
15. Bf4 e6 16. Rad1 Re8 17. Rfe1 a5 18. Bxd6 Bxd3 19. Rxd3 Qxd6 20. Ne5 Rad8
21. Red1 Qc7 22. Nf3 Rd7 23. g3 Red8 24. Ne1 Qb6 25. Qc2 Qb5 26. a3 Qf5 27. Qe2
Qb5 28. Qc2 Qf5 29. Qe2 Qb5 30. Qc2 Qf5 1/2-1/2

[Event "2. BUNDESLIGA MITTE 2014/2015"]
[Site "Aschach"]
[Date "2014.10.03"]
[Round "1"]
[Board "4"]
[White "Theuretzbacher, Klaus"]
[Black "Mayerhofer, Peter"]
[Result "1/2-1/2"]
[WhiteElo "2240"]
[BlackElo "2190"]
[PlyCount "60"]
[EventDate "2014.10.03"]
[EventType "team"]
[EventRounds "11"]
[EventCountry "AUT"]
[WhiteTeam "ASK St. Valentin"]
[BlackTeam "Union Hartkirchen - Sektion Schach"]

1. e4 d5 2. exd5 Qxd5 3. Nc3 Qd8 4. d4 Nf6 5. Nf3 Bg4 6. Be2 e6 7. h3 Bxf3 8.
Bxf3 c6 9. O-O Be7 10. Ne2 O-O 11. Nf4 Nbd7 12. Nd3 Qc7 13. Bf4 Bd6 14. Bxd6
Qxd6 15. c3 e5 16. dxe5 Nxe5 17. Nxe5 Qxe5 18. Re1 Qc7 19. Qa4 Qb6 20. Qb4 Qxb4
21. cxb4 Rfe8 22. b5 Rxe1+ 23. Rxe1 cxb5 24. Re7 Rb8 25. Rxb7 Rxb7 26. Bxb7 Ne8
27. Kf1 Kf8 28. Ke2 Ke7 29. Kd3 Kd6 30. Kd4 Nc7 1/2-1/2

[Event "2. BUNDESLIGA MITTE 2014/2015"]
[Site "Aschach"]
[Date "2014.10.03"]
[Round "1"]
[Board "5"]
[White "Kleibel, Uwe"]
[Black "Tober, Gerhard"]
[Result "1/2-1/2"]
[WhiteElo "2210"]
[BlackElo "2229"]
[PlyCount "64"]
[EventDate "2014.10.03"]
[EventType "team"]
[EventRounds "11"]
[EventCountry "AUT"]
[WhiteTeam "Union Hartkirchen - Sektion Schach"]
[BlackTeam "ASK St. Valentin"]

1. e4 d5 2. exd5 Qxd5 3. Nc3 Qa5 4. d4 Nf6 5. Bd2 c6 6. Bd3 Qb6 7. Nge2 Bg4 8.
O-O e6 9. Bf4 Nbd7 10. Qd2 Be7 11. Rfe1 Bh5 12. Bc4 O-O 13. Bg3 Qd8 14. Nf4 Nb6
15. Bd3 Bg6 16. Nxg6 hxg6 17. Ne2 Bd6 18. c3 Bxg3 19. Nxg3 Nbd7 20. Rad1 c5 21.
dxc5 Nxc5 22. Bc4 Rc8 23. Qxd8 Rfxd8 24. Bb3 Nxb3 25. axb3 a5 26. Kf1 Kf8 27.
Ne2 Nd7 28. Nc1 Nc5 29. Ke2 Ke7 30. f3 Rc6 31. Rxd8 Kxd8 32. Kd2 b6 1/2-1/2

[Event "2. BUNDESLIGA MITTE 2014/2015"]
[Site "Aschach"]
[Date "2014.10.03"]
[Round "1"]
[Board "6"]
[White "Heimberger, Reinhard"]
[Black "Ganglberger, Robert"]
[Result "1-0"]
[WhiteElo "2254"]
[BlackElo "2043"]
[PlyCount "83"]
[EventDate "2014.10.03"]
[EventType "team"]
[EventRounds "11"]
[EventCountry "AUT"]
[WhiteTeam "ASK St. Valentin"]
[BlackTeam "Union Hartkirchen - Sektion Schach"]

1. d4 Nf6 2. g3 g6 3. Bg2 Bg7 4. e4 d6 5. Ne2 O-O 6. O-O Nbd7 7. h3 e5 8. c4 c6
9. Nbc3 Qe7 10. f4 exd4 11. Nxd4 Nc5 12. Re1 Ne6 13. Nf3 Rd8 14. Be3 Nc5 15.
Bd4 Be6 16. Qe2 d5 17. e5 Nfe4 18. Qe3 Bf8 19. b4 Na6 20. cxd5 cxd5 21. b5 Nac5
22. Ne2 b6 23. Kh2 Rac8 24. a4 Rc7 25. Bb2 Rdc8 26. Nfd4 Bd7 27. Red1 Bh6 28.
Nf3 Be6 29. Ned4 Qd7 30. Nc6 Rxc6 31. bxc6 Qxc6 32. Nd4 Qd7 33. a5 bxa5 34.
Rxa5 Qc7 35. Ra2 Qxe5 36. Nxe6 Qxe6 37. Qd4 f6 38. Rxa7 Rd8 39. Qb4 Nxg3 40.
Qxc5 Bxf4 41. Bxd5 Ne4+ 42. Kg2 1-0

[Event "2. BUNDESLIGA MITTE 2014/2015"]
[Site "Aschach"]
[Date "2014.10.03"]
[Round "1"]
[Board "1"]
[White "Krebs, Johann"]
[Black "Poetz, Florian"]
[Result "1/2-1/2"]
[WhiteElo "2265"]
[BlackElo "2390"]
[PlyCount "153"]
[EventDate "2014.10.03"]
[EventType "team"]
[EventRounds "11"]
[EventCountry "AUT"]
[WhiteTeam "Strassenbahn Graz"]
[BlackTeam "Spg.Sparkasse Fuerstenfeld/Hartberg"]

1. d4 c5 2. d5 d6 3. c4 g6 4. e4 Bg7 5. Nc3 e6 6. dxe6 fxe6 7. Nb5 Bf8 8. e5
dxe5 9. Qxd8+ Kxd8 10. Bg5+ Be7 11. O-O-O+ Nd7 12. Nf3 e4 13. Bxe7+ Kxe7 14.
Ng5 Ngf6 15. Nc7 Rb8 16. Ngxe6 Nb6 17. Nf4 Bf5 18. Be2 Rhd8 19. b3 a6 20. a4
Rbc8 21. Rxd8 Rxd8 22. a5 Nc8 23. Ncd5+ Kf7 24. Rd1 Na7 25. Nb6 Rxd1+ 26. Bxd1
Nc6 27. Na4 Nd7 28. f3 g5 29. Nd5 exf3 30. Bxf3 Nxa5 31. Kb2 Be6 32. Ndb6 Nxb6
33. Nxb6 Ke7 34. Kc3 Kd6 35. b4 cxb4+ 36. Kxb4 Nc6+ 37. Kc3 h6 38. g3 Bf7 39.
Bg2 Be6 40. Bf3 Bg8 41. Bg2 Bh7 42. Nd5 Bf5 43. Nb6 Ke5 44. c5 Be6 45. Bf3 Kf6
46. Be4 Ke7 47. Bg2 Kd8 48. Be4 Kc7 49. Bg2 Kd8 50. Be4 Kc7 51. Na8+ Kb8 52.
Nb6 Ne5 53. Kd4 Nd7 54. Bc2 Nxb6 55. cxb6 Bd7 56. Ke5 a5 57. Kd6 Kc8 58. Ke7 a4
59. Bd1 g4 60. Bc2 h5 61. Bd1 a3 62. Bb3 Bf5 63. Ba2 Bc2 64. Be6+ Kb8 65. Ba2
Be4 66. Kd7 Bd3 67. Kd8 Bf5 68. Ke7 Kc8 69. Kf6 Bd3 70. Ke7 Bf5 71. Kf6 Bd7 72.
Ke7 Bb5 73. Be6+ Kb8 74. Kd8 Bd3 75. Ba2 Bf5 76. Ke7 Kc8 77. Kf6 1/2-1/2

[Event "2. BUNDESLIGA MITTE 2014/2015"]
[Site "Aschach"]
[Date "2014.10.03"]
[Round "1"]
[Board "2"]
[White "Freitag, Manfred"]
[Black "Pesorda, Ivan"]
[Result "1-0"]
[WhiteElo "2379"]
[BlackElo "2236"]
[PlyCount "35"]
[EventDate "2014.10.03"]
[EventType "team"]
[EventRounds "11"]
[EventCountry "AUT"]
[WhiteTeam "Spg.Sparkasse Fuerstenfeld/Hartberg"]
[BlackTeam "Strassenbahn Graz"]

1. d4 d5 2. c4 c6 3. Nf3 Nf6 4. Nc3 a6 5. a4 Bf5 6. g3 h6 7. Bg2 e6 8. Qb3 Ra7
9. O-O Nbd7 10. cxd5 cxd5 11. Bf4 g5 12. Be3 Ng4 13. Bc1 Qb6 14. Qd1 Bd6 15. h3
Ngf6 16. Ne5 Nxe5 17. dxe5 Bxe5 18. e4 1-0

[Event "2. BUNDESLIGA MITTE 2014/2015"]
[Site "Aschach"]
[Date "2014.10.03"]
[Round "1"]
[Board "3"]
[White "Steiner, Stefan"]
[Black "Kuba, Guenter"]
[Result "0-1"]
[WhiteElo "2269"]
[BlackElo "2374"]
[PlyCount "58"]
[EventDate "2014.10.03"]
[EventType "team"]
[EventRounds "11"]
[EventCountry "AUT"]
[WhiteTeam "Strassenbahn Graz"]
[BlackTeam "Spg.Sparkasse Fuerstenfeld/Hartberg"]

1. Nf3 f5 2. e4 fxe4 3. Ng5 Nf6 4. d3 e3 5. Bxe3 e5 6. d4 exd4 7. Qxd4 Nc6 8.
Qh4 d5 9. Bd3 Ne5 10. O-O Nxd3 11. cxd3 Be7 12. Re1 O-O 13. Bd4 h6 14. Ne6 Bxe6
15. Rxe6 c5 16. Bc3 Qd7 17. Qh3 Rad8 18. Na3 Rf7 19. Rae1 Nh7 20. Qg3 Ng5 21.
R6e2 Bd6 22. Qh4 Rf4 23. Qh5 Qf5 24. Re8+ Rxe8 25. Qxe8+ Kh7 26. Nb5 Rxf2 27.
Qe3 Bxh2+ 28. Kh1 Bb8 29. Qxc5 Nf3 0-1

[Event "2. BUNDESLIGA MITTE 2014/2015"]
[Site "Aschach"]
[Date "2014.10.03"]
[Round "1"]
[Board "4"]
[White "Feher, Adam"]
[Black "Detter, Peter"]
[Result "1-0"]
[WhiteElo "2356"]
[BlackElo "2040"]
[PlyCount "61"]
[EventDate "2014.10.03"]
[EventType "team"]
[EventRounds "11"]
[EventCountry "AUT"]
[WhiteTeam "Spg.Sparkasse Fuerstenfeld/Hartberg"]
[BlackTeam "Strassenbahn Graz"]

1. e4 Nf6 2. e5 Nd5 3. d4 d6 4. Nf3 g6 5. Be2 Bg7 6. O-O O-O 7. exd6 cxd6 8. c4
Nb6 9. d5 e5 10. dxe6 Bxe6 11. Na3 d5 12. Ng5 Nc6 13. Nxe6 fxe6 14. Bg4 Qf6 15.
cxd5 exd5 16. Nb5 Ne5 17. Bh3 Rf7 18. Be3 Nec4 19. Bd4 Qc6 20. Bxg7 Kxg7 21.
Nd4 Qf6 22. b3 Nd6 23. Ne6+ Kh8 24. Rc1 Nf5 25. Bxf5 Qxf5 26. Nc5 Qf6 27. Qd2
Rd8 28. Rfe1 d4 29. Ne6 Rd6 30. Ng5 Rfd7 31. Ne4 1-0

[Event "2. BUNDESLIGA MITTE 2014/2015"]
[Site "Aschach"]
[Date "2014.10.03"]
[Round "1"]
[Board "5"]
[White "Teuschler, Hugo"]
[Black "Radnetter, Georg"]
[Result "1/2-1/2"]
[WhiteElo "2043"]
[BlackElo "2256"]
[PlyCount "90"]
[EventDate "2014.10.03"]
[EventType "team"]
[EventRounds "11"]
[EventCountry "AUT"]
[WhiteTeam "Strassenbahn Graz"]
[BlackTeam "Spg.Sparkasse Fuerstenfeld/Hartberg"]

1. e4 e6 2. d4 d5 3. Nd2 c5 4. Ngf3 cxd4 5. exd5 Qxd5 6. Bc4 Qd6 7. O-O Nf6 8.
Nb3 Nc6 9. Nbxd4 Nxd4 10. Nxd4 a6 11. Re1 Qc7 12. Qe2 Bd7 13. Bg5 O-O-O 14.
Rad1 Bb4 15. c3 Bd6 16. h3 h6 17. Be3 Kb8 18. Nf3 Bc6 19. Nd4 Bd5 20. Bxd5 Nxd5
21. Bc1 Rd7 22. c4 Ne7 23. Nf3 Rhd8 24. a3 Ng6 25. b4 Bf4 26. Rxd7 Rxd7 27. Bb2
Qd8 28. g3 Bg5 29. h4 Bf6 30. h5 Ne7 31. Be5+ Ka8 32. Bxf6 gxf6 33. Nh4 Rd2 34.
Qg4 Qd4 35. Qxd4 Rxd4 36. Rc1 Kb8 37. Rc3 Kc7 38. Kf1 Rd1+ 39. Ke2 Rh1 40. Kf3
Nc6 41. Kg2 Rd1 42. Nf3 Kb6 43. Nh2 Ne5 44. f4 Rd2+ 45. Kg1 Rd1+ 1/2-1/2

[Event "2. BUNDESLIGA MITTE 2014/2015"]
[Site "Aschach"]
[Date "2014.10.03"]
[Round "1"]
[Board "6"]
[White "Stradner, Stefan"]
[Black "Kainz, Josef"]
[Result "0-1"]
[WhiteElo "2190"]
[BlackElo "1943"]
[PlyCount "104"]
[EventDate "2014.10.03"]
[EventType "team"]
[EventRounds "11"]
[EventCountry "AUT"]
[WhiteTeam "Spg.Sparkasse Fuerstenfeld/Hartberg"]
[BlackTeam "Strassenbahn Graz"]

1. Nf3 c5 2. c4 Nc6 3. g3 e5 4. d3 Nf6 5. Bg2 Be7 6. O-O d6 7. a3 O-O 8. Nc3 a6
9. Rb1 Rb8 10. Ne1 Nd4 11. e3 Nc6 12. Nd5 Nxd5 13. cxd5 Na7 14. b4 Nb5 15. Bb2
cxb4 16. axb4 Bf6 17. Nc2 Re8 18. e4 Bd7 19. Ne3 Rc8 20. Nc4 g6 21. Qd2 Bg7 22.
Qe3 Rf8 23. Qb6 Rb8 24. Qxd8 Rfxd8 25. f4 f6 26. fxe5 fxe5 27. Bc1 Bg4 28. Bg5
Rd7 29. Rf2 h6 30. Be3 Nc3 31. Rb3 Nd1 32. Rd2 b5 33. Nb6 Rdb7 34. Bc5 dxc5 35.
bxc5 Ne3 36. d6 Nxg2 37. Nd5 Ne1 38. Ra2 Rf7 39. c6 Rf3 40. Rf2 Rbf8 41. Rxf3
Nxf3+ 42. Kg2 Ne1+ 43. Kg1 Bh3 44. Ne3 Nf3+ 45. Kh1 Nd4 46. Rc3 b4 47. Rc1 b3
48. c7 Nb5 49. Nf5 Bxf5 50. exf5 Nxd6 51. Rc6 b2 52. Rb6 Nb5 0-1